Statistiques concernant Gaston Doumergue et sa présidence

Cliquez ici pour prendre le quiz!

Statistiques générales

  • Ce quiz a été pris 23 fois
  • Le résultat moyen est 9 sur 20

Statistiques - réponses

GroupeIndicesRéponses% Correct
PrésidenceParti politique lors de son électionParti radical
100%
BiographieBranche religieuse dont il fut le premier représentant à la tête de l'Etat depuis Henri IVProtestantisme
89%
PrésidenceTerritoire dont il célébra le centenaire de la conquête en 1930Algérie
84%
BiographieProfession de formationAvocat/Juge
79%
BiographieChambre qu'il présidait avant son élection à la présidenceSénat
74%
BiographieUniversité fréquentée
Université de Paris
68%
BibliographieMémoires publiées en 1934, peu après son retrait de la vie politiqueMes Causeries avec le peuple de {France}
68%
CitationsJe suis un républicain de {gauche}.
53%
PrésidenceMaréchal envoyé au Maroc à cette occasionPhilippe Pétain
53%
BiographieFonction de chef de gouvernement occupée en 1914 puis 1934Président du Conseil
53%
PrésidenceGuerre menée aux côtés de l'Espagne contre les berbèresGuerre du {Rif}
42%
PrésidencePrésident du Conseil à quatre reprisesAristide Briand
32%
PrésidencePrédécesseur appelé aux Finances pour sauver le franc de la spéculationRaymond Poincaré
32%
CitationsCe rôle exige que je sois au-dessus des {partis}, afin d’être un arbitre impartial et indiscuté
26%
PrésidenceCompagnie aérienne toulousaine dont il aida le développement en Amérique du SudAéropostale
21%
BibliographieOuvrage de Paul Labbé sur un pays balkanique dont il rédigea la préfaceLa Vivante {Roumanie}
21%
BiographieDépartement dont il fut député treize ans puis sénateur quatorzeGard
11%
FamilleEpouseJeanne-Marie Gaussal
11%
FamillePetite-nièce (auteure de Derrière la baignoire)Colette Audry
5%
PrésidenceAdversaire socialiste, donné favori, puis Président du ConseilPaul Painlevé
5%

Distribution des résultats

Percentile par nombre de réponses

% des personnes avec chaque résultat

Votre développement - résultats

Vous n’avez pas pris ce quiz